Nutrition for developing countries / (Record no. 10038)
[ view plain ]
| 000 -LEADER | |
|---|---|
| fixed length control field | 00709nam a22002292 4500 |
| 001 - CONTROL NUMBER | |
| control field | 0000023891 |
| 005 - DATE AND TIME OF LATEST TRANSACTION | |
| control field | 20151217152251.0 |
| 008 - FIXED-LENGTH DATA ELEMENTS--GENERAL INFORMATION | |
| fixed length control field | 130412s xx 000 0 eng d |
| 020 ## - INTERNATIONAL STANDARD BOOK NUMBER | |
| International Standard Book Number | 0192622334 : |
| 040 ## - CATALOGING SOURCE | |
| Original cataloging agency | KABU |
| Transcribing agency | KABU |
| 100 1# - MAIN ENTRY--PERSONAL NAME | |
| Personal name | King, Felicity Savage. |
| -- | 0000183659 |
| 245 10 - TITLE STATEMENT | |
| Title | Nutrition for developing countries / |
| Statement of responsibility, etc. | Felicity Savage King and Ann Burgess. |
| 250 ## - EDITION STATEMENT | |
| Edition statement | 2nd ed. |
| 260 ## - PUBLICATION, DISTRIBUTION, ETC. (IMPRINT) | |
| Place of publication, distribution, etc. | Oxford : |
| Name of publisher, distributor, etc. | O. U. P., |
| Date of publication, distribution, etc. | 1993. |
| 300 ## - PHYSICAL DESCRIPTION | |
| Extent | xv, 461 p. |
| 650 #0 - SUBJECT ADDED ENTRY--TOPICAL TERM | |
| Topical term or geographic name as entry element | Nutrition. |
| -- | 0000155604 |
| 650 #0 - SUBJECT ADDED ENTRY--TOPICAL TERM | |
| Topical term or geographic name as entry element | Nutrition |
| Geographic subdivision | Developing countries. |
| -- | 0000183660 |
| 700 1# - ADDED ENTRY--PERSONAL NAME | |
| Personal name | Burgess, Ann. |
| -- | 0000179811 |
| 852 1# - LOCATION | |
| -- | p6860 KES |
| 908 ## - PUT COMMAND PARAMETER (RLIN) | |
| Put command parameter | 130412 |
| 950 ## - LOCAL HOLDINGS (RLIN) | |
| -- | 1 |
| Withdrawn status | Lost status | Source of classification or shelving scheme | Not for loan | Home library | Current library | Date acquired | Cost, normal purchase price | Inventory number | Total Checkouts | Full call number | Barcode | Date last seen | Date last checked out | Copy number | Price effective from | Koha item type | Total Renewals |
|---|---|---|---|---|---|---|---|---|---|---|---|---|---|---|---|---|---|
| Library of Congress Classification | Kabarak, Main Campus | Kabarak, Main Campus | 26/03/2018 | 6860.00 | 2013/2207 | 11 | QP141 .K56 1993 c. 1 | 014946 | 17/03/2020 | 05/03/2020 | C. 1 | 26/03/2018 | General Collection | ||||
| Library of Congress Classification | Kabarak, Main Campus | Kabarak, Main Campus | 11/04/2018 | 9050.00 | 2018/0698 | 8 | QP141 .K56 1993 c. 3 | 024422 | 13/02/2024 | 13/12/2023 | C. 3 | 11/04/2018 | General Collection | 1 |